000
00300nam a2200133Ia 4500
008
191201s2014 xx 000 0 und d
100
_a
SINHA, S N
245
0
_a
Reinforced Concrete Design
250
_a
Rep
260
_c
2014
_b
TMH
_a
New Delhi
300
_a
Misc
650
_a
CIVIL
942
_2
ddc
_c
BB
999
_c
7640
_d
7640